000
00261nam a22001097a 4500
008
170126b xxu||||| |||| 00| 0 eng d
020
_a
9781555612801
041
_a
eng
080
_a
61
245
_a
TYPE II DIABETES AND YOUR HEALTH
_c
FISHER, H.V
942
_2
udc
_c
BK
999
_c
3774
_d
3774